Pesticide chemistry and bioscience : (Record no. 1422)

MARC details
000 -LEADER
fixed length control field 01005mam a2200277 a 4500
001 - CONTROL NUMBER
control field BD-DhSAU 1422
003 - CONTROL NUMBER IDENTIFIER
control field BD-DhSAU
005 - DATE AND TIME OF LATEST TRANSACTION
control field 20150115112631.0
008 - FIXED-LENGTH DATA ELEMENTS--GENERAL INFORMATION
fixed length control field 990507s1999 enka rb 101 0 eng d
020 ## - INTERNATIONAL STANDARD BOOK NUMBER
International Standard Book Number 0854047093
035 ## - SYSTEM CONTROL NUMBER
System control number (OCoLC)43547291
040 ## - CATALOGING SOURCE
Original cataloging agency BD-DhSAU
082 04 - DEWEY DECIMAL CLASSIFICATION NUMBER
Classification number 632.95042
Edition number 22
Item number PES
111 2# - MAIN ENTRY--MEETING NAME
Meeting name or jurisdiction name as entry element International IUPAC Congress of Pesticide Chemistry
Number of part/section/meeting (9th :
Date of meeting 1998 :
Location of meeting London, England)
245 10 - TITLE STATEMENT
Title Pesticide chemistry and bioscience :
Remainder of title the food-environment challenge /
Statement of responsibility, etc. Edited by Gerald T. Brooks and Terry R. Roberts.
260 ## - PUBLICATION, DISTRIBUTION, ETC. (IMPRINT)
Place of publication, distribution, etc. Cambridge :
Name of publisher, distributor, etc. Royal Society of Chemistry ;
Date of publication, distribution, etc. c1999.
300 ## - PHYSICAL DESCRIPTION
Extent ix, 438 p. :
Other physical details ill. ;
Dimensions 24 cm.
440 ## - SERIES STATEMENT/ADDED ENTRY--TITLE
Title Special publication ;
Number of part/section of a work no. 233
504 ## - BIBLIOGRAPHY, ETC. NOTE
Bibliography, etc Includes bibliographical references and index.
590 ## - Name of Cataloguer
Name of Cataloger joy
650 #0 - SUBJECT ADDED ENTRY--TOPICAL TERM
Topical term or geographic name as entry element Pesticides
Form subdivision Congresses.
650 #0 - SUBJECT ADDED ENTRY--TOPICAL TERM
Topical term or geographic name as entry element Entomology.
650 #0 - SUBJECT ADDED ENTRY--TOPICAL TERM
Topical term or geographic name as entry element Pesticide residues in food
Form subdivision Congresses.
700 1# - ADDED ENTRY--PERSONAL NAME
Personal name Brooks, G. T.
Fuller form of name (Gerald T.)
700 1# - ADDED ENTRY--PERSONAL NAME
Personal name Roberts, T. R.
Fuller form of name (Terence Robert),
Dates associated with a name 1943-
942 ## - ADDED ENTRY ELEMENTS (KOHA)
Source of classification or shelving scheme Dewey Decimal Classification
Koha item type Book
Holdings
Withdrawn status Lost status Source of classification or shelving scheme Damaged status Not for loan Home library Branch Name Shelving location Date acquired Total Checkouts Full call number Barcode Date last seen Price effective from Koha item type
    Dewey Decimal Classification     SAU Library SAU Library General Stacks 12/10/2009   632.95042 PES 36294 15/01/2015 15/01/2015 Book
    Dewey Decimal Classification     SAU Library SAU Library General Stacks 13/06/2015   632.95042 PES 36295 13/06/2015 13/06/2015 Book